000 00297nam a22001337a 4500
008 180315b xxu||||| |||| 00| 0 eng d
020 _a1285197267
041 _aeng
080 _27 ed
_a591
100 _a7
101 _azoo
245 _aessentials of ecology
_cmiller.g.t
942 _2udc
_cBK
999 _c45111
_d45111